| 000 | 00552nam a2200193Ia 4500 | ||
|---|---|---|---|
| 999 |
_c34040 _d34040 |
||
| 003 | OSt | ||
| 005 | 20200914114336.0 | ||
| 008 | 190216s9999||||xx |||||||||||||| ||und|| | ||
| 020 | _a9780521670425 | ||
| 040 | _coclc | ||
| 082 |
_a537 _bGUR/E |
||
| 100 |
_aGuru, Bhag S _94568 |
||
| 245 | 0 |
_aElectromagnetic Field Theory Fundamentals / _cBhag S Guru ; Huseyin Hiziroglu |
|
| 250 | _a2nd Ed. | ||
| 260 |
_bCambridge Uty Press, _aUK: _c2004. |
||
| 300 | _a681p | ||
| 650 | _aPhysics | ||
| 942 |
_cBK _2ddc _h537 _iGUR/E _k537 _mGUR/E |
||